Pensamientos

Saved in:
Bibliografiske detaljer
Hovedforfatter: Pascal, Blaise (Pascal, Blas) (autor)
Format: Bog
Sprog:spansk
Udgivet: Buenos Aires Aguilar 1974
Udgivelse:4a. ed
Serier:Iniciación filosófica, 63
Fag:
Tags: Tilføj Tag
Ingen Tags, Vær først til at tagge denne postø!

MARC

LEADER 00000cam a2200000 a 4500
001 UCZ2272
003 CL-VaPUC
008 950926e19740000AG |||||||||||||||||spa|d
082 0 4 |a 194  |b PAS  |2 21 
100 |a Pascal, Blaise  |q (Pascal, Blas)  |e autor  |9 583633 
245 1 0 |a Pensamientos 
250 |a 4a. ed 
300 |a v 
942 |c BK 
945 |d 19950926 00:00:00  |a lriquelm 
260 |a Buenos Aires  |b Aguilar  |c 1974 
500 |a v.2: El hombre con Dios 
650 0 |a Filosofía francesa   |9 255698 
650 0 |a Filosofía cristiana   |9 265980 
583 |a last modification  |c 20150630 02:28:31  |k Rodrigo Vera 
490 0 |a Iniciación filosófica, 63 
999 |c 238908  |d 238906 
952 |0 0  |1 0  |4 0  |6 194_000000000000000_PAS_1974  |7 0  |8 P  |9 249510  |a BIBEDU  |b BIBEDU  |c BIBEDU_PB  |d 2019-11-18  |h v.2  |i 1566865  |o 194 PAS 1974  |p 1566865  |r 2024-01-25  |w 2019-11-18  |y BK  |k FIL